00146 a2200073 450000100060000010000050000624500450001126000160005656729 a aCollection of fairy tales for story time aUSAbElekc